000 00559cam a22002053a 4500
001 27470
003 PGUSA
005 20140828083607.0
008 081209s2008||||xxu|||||s|||||000 | eng d
040 _aPGUSA
_beng
042 _adc
245 1 0 _aJutelmia ja tarinoita
_h[electronic resource]
260 _bProject Gutenberg,
_c2008
506 _aPublic domain in the USA.
516 _aElectronic text
700 1 _aSuomalainen, Samuli,
_d1850-1907
830 0 _aProject Gutenberg
_v27470
856 4 0 _uhttp://www.gutenberg.org/ebooks/27470
942 _cEB
999 _c256725
_d256725